000 nam a22 a 4500
999 _c192377
_d192377
003 BLK
005 20230302162302.0
008 180411b bul|||||r ||||||| ||bul||
010 _aKNG00201567000
020 _a954-07-0021-3
040 _aBLK
041 _aBUL
_cBUL
080 _aМатематика
_b51
_x(075.4)
_z51(075.4)
100 1 _aТрендафилов, Иван Димитров
_eпърви автор
_9366703
139 _aТрендафилов, Иван Димитров и др.
_bТ 82
245 1 0 _aТестове по математика
_bЗа кандидат-студенти и ученици
_cИван Димитров Трендафилов; съавт. Александър Николаев Кючуков.
257 _aBGR
260 _aСофия
_bУнив. изд. Св. Климент Охридски
_c1992
300 _a166 с.
_bс черт.
_c21 см
380 _a5
500 _aОфс. изд.
650 4 _aМатематика - учебни помагала
_9242006
653 _aматематика
653 _aучебни помагала
700 1 _aКючуков, Александър Николаев
_eсъавт.
_9366704
852 _aЦб 169839
_bЦб
856 4 _qpdf
_i0.00
_ldisable
856 4 _qpdf
_i0.00
_ldisable
942 _cKNG
_n0
_s1
944 _aCR
_c21.02.2017
_kГрета_Цуфелде
944 _aED
_c21.02.2017
_kГрета_Цуфелде
999 _d192377
999 _d192377